00831nam a2200193 i 4500001000700000003000900007005001700016007000300033008004100036100003100077245018800108260005600296300003000352650005200382700004000434852002200474999001900496952012200515125578ES-MaACL20230906192646.0t|070619s2005 sp ||||1| spa d1 aZiegler, Robert F.911823913aEl corazón del recién nacido y del lactante b: (su evaluación en condiciones normales y patólógicas) / cpor Robert F. Ziegler ; [versión... José A. Baena Fernández]. aBarcelona : bEdit. Científico Técnica, c1970. a195 p. : bil. ; c25 cm.14aNiños recién nacidos-xEnfermedades.9155681 aBaena Fernández, José A.924590 aES-MaACLjC-37348 c125578d125578 00104070aATENEOMbATENEOMcDEPO2d2008-01-17eSCl0oC-37348p1130817r2023-02-23 00:00:00w2023-02-23yMONOGRAFIA